000 00800nam a22002177a 4500
001 1463
005 20240306161954.0
020 _a9781408326145
040 _aFISKH
_beng
082 _a823.92
100 _aMeres, Jonathan
245 _aMay require batteries /
_cJonathan Meres
260 _aSydney :
_bOrchard,
_c2013
300 _a285 pages :
_c20 cm
490 _aThe World of Norm
_vBook 4
505 _aH
520 _aSummary: What with overdue homework, overdue pocket money and a bag full of overdue newspapers, one thing's for sure: life for Norm isn't getting any less unfair. And did he mention the fact that he's the only kid on the planet without an iPad? ABSO-FLIPPING-LUTELY RIGHT HE DID! (Publisher)
521 _a480
_bLexile
521 _aH
_bRaz-Plus
942 _2ddc
_cBK
_n0
999 _c1463
_d1463